| 000 | 00455nam a2200169 a 4500 | ||
|---|---|---|---|
| 001 | 000026142 | ||
| 005 | 20200930024335.0 | ||
| 008 | 110302s1964 sp a r 000 0 spa d | ||
| 040 |
_aDO-SdBNP _bspa _cBNPHU |
||
| 082 |
_ann* _bnn* |
||
| 100 | 1 |
_aPrieto-Moreno, Francisco. _953121 |
|
| 245 | 1 | 0 |
_aGranada / _cFrancisco Prieto-Moreno. |
| 250 | _a6a ed. | ||
| 260 |
_aBarcelona : _bNoguer, _c1964. |
||
| 300 |
_a42, [62] p. : _bil. ; _c20 cm. |
||
| 049 | _aBNGR | ||
| 999 |
_c25634 _d25634 |
||